000 00820cam a22002777a 4500
003 CHAP
005 20220817042032.0
008 971013s r 00010 d
010 _a32580
011 _a33552
035 _a37668
040 _cCHAP
090 _aR-853
100 0 0 _aMatthysse, John G.
_973089
245 0 _aMites on woody plants and their control
500 _aSobretiro de: Proc. Nat. Shade Tree Conference 1926. pp. 78-90
590 _aBATCH-UPD
_b10
_c20130110
_lUCH01
_h1458
590 _aBATCH-UPD
_b10
_c20130410
_lUCH01
_h0921
590 _aBATCH-UPD
_b10
_c20130914
_lUCH01
_h1804
590 _aCONVERSION
_b10
_c20130109
_lUCH01
_h1318
650 1 4 _aÁcaros.
650 1 4 _aPlantas leñosas
_xPlagas.
_989026
901 _aBK
942 _cREIMP
949 _aR-853
_bBC
_cR
_d-86302
_eTS1
_i37668
_si
999 _c32580
_d32580